000 00464nam a2200157 i 4500
001 24360
003 ES-MaACL
005 20230906153033.0
007 t|
008 021217s1970 sp ||||1| spa d
245 0 0 _aAnálisis de la relación costes-volumen-beneficios /
_cTraductor: Carlos Breñosa.
260 _aMadrid :
_bIbérico Europea,
_c[1970]
300 _a109 p. ;
_c21 cm.
700 1 _aBreñosa, Carlos.
_931601
852 _aES-MaACL
_jC-46184
_bR.73269
999 _c24360
_d24360